UNITED STATES AIR FORCE: AIRMAN'S CREED QUIZ - Statistics

General Stats
  • This quiz has been taken 1,197 times
  • The average score is 14 of 18
Answer Stats
LINE Answer % Correct
I AM AN AMERICAN ______ AIRMAN
98%
I AM AN AMERICAN ______ AIRMAN
98%
I AM AN AMERICAN ______ AIRMAN
98%
I AM AN AMERICAN ______ AIRMAN
98%
MY MISSION IS TO ___, FIGHT AND WIN FLY
93%
I HAVE ANSWERED MY _______ CALL NATIONS
92%
I AM A _______ WARRIOR
91%
MY NATIONS _____ AND SHIELD SWORD
77%
AND A LEGACY OF _____ VALOR
76%
I WILL NEVER LEAVE AN AIRMAN ______ BEHIND
72%
I DEFEND MY COUNTRY WITH MY ____ LIFE
71%
I AM ________ TO A PROUD HERITAGE FAITHFUL
69%
A _________ OF HONOR TRADITION
67%
AND I WILL NOT ____ FAIL
65%
ITS SENTRY AND _______ AVENGER
61%
I WILL NEVER ______ FALTER
60%
________ OF FREEDOM AND JUSTICE GUARDIAN
60%
_______, LEADER, WARRIOR WINGMAN
58%
No matching quizzes found
Score Distribution
Percent of People with Each Score
Percentile by Number Answered
Your Score History
You have not taken this quiz